Foucault's analysis of mental illness: (Record no. 8535)

MARC details
000 -LEADER
fixed length control field 00645 a2200181 4500
010 ## - LCCN (DPL NO)
LC control number ENG-88500
020 ## - INTERNATIONAL STANDARD BOOK NUMBER
International Standard Book Number 8182202264
Terms of availability 540.00
035 ## - SYSTEM CONTROL NUMBER
System control number EN-72033
037 ## - SOURCE OF ACQUISITION
Source of stock number/acquisition DBAD / PUB
082 14 - DEWEY DECIMAL CLASSIFICATION NUMBER
Classification number 362.2
100 ## - MAIN ENTRY--PERSONAL NAME
Personal name Banerjee, Anjana
245 1# - TITLE STATEMENT
Title Foucault's analysis of mental illness:
Statement of responsibility, etc by Anjana Banerjee
Remainder of title a psycho-pathological study/
260 ## - PUBLICATION, DISTRIBUTION, ETC. (IMPRINT)
Place of publication, distribution, etc New Delhi
Name of publisher, distributor, etc Global Vision Publishing House
Date of publication, distribution, etc 2007
270 ## - ADDRESS
Address F-4j1st Floor, `hari sadan'. 20 Ansari Road, Daryaganj,
City New Dehli
Postal code 110 002
300 ## - PHYSICAL DESCRIPTION
Extent vi, 207p.
Dimensions 22cm (Hb)
500 ## - GENERAL NOTE
General note Includes bibliographical references and index
942 ## - ADDED ENTRY ELEMENTS (KOHA)
Institution code [OBSOLETE] dpl
Item type English Books
Source of classification or shelving scheme Dewey Decimal Classification
Classification part 362.2
Call number suffix BAN
Holdings
Withdrawn status Lost status Not for loan Collection code Home library Current library Source of acquisition Cost, normal purchase price Full call number Barcode Copy number Cost, replacement price Koha item type
    Not For Loan Non-fiction D.B.Act.Division D.B.Act.Division DBAD/PUB 540.00 362.2 BAN EN-72033 1 540.00 English Books

© Delhi Public Library
Hit Counter
free hit counter